000 00969nam a2200265 i 4500
001 7144
003 ES-MaACL
005 20240509101925.0
007 t|
008 900921s1990 sp ||||1| spa d
020 _a84-7658-216-1
080 _a86(Chacel,R.1.06)
245 0 0 _aRosa Chacel
_b: Premio Nacional de las Letras Españolas 1987.
250 _a1a ed.
260 _aBarcelona :
_bAnthropos ; Madrid : Direccion General del Libro y Bibliotecas,
_c1990.
300 _a17 p. :
_bfot. bl. y n. ;
_c20 cm.
490 1 _aAmbitos literarios. Premios nacionales de las letras españolas ;
_v4
504 _aBibliogr.: p. 95-106.
600 1 4 _aChacel, Rosa,
_d1898-1994
_937750
710 1 _aEspaña.
_bDirección General del Libro y Bibliotecas.
_93788
830 0 _aAmbitos literarios.
_pPremios nacionales de las letras españolas ;
_v4
_9177491
852 _aES-MaACL
_jL-14367
_bR.118134
_z. - rust.
942 _2udc
999 _c7144
_d7144